000 00685nab a2200193 4500
001 244442
003 OSt
005 20230602110622.0
007 tu
008 200917s2020|||||||
040 _aDE-2950
_cDE-2950
245 0 0 _aVideoüberwachung an der Stadtbrücke ist demontiert.
_bKriminalität. Zwölf Jahre lang waren Kameras am Grenzübergang in Frankfurt installiert. in dieser Zeit ist die Zahl der Straftaten deutlich zurückgegangen /
_cPhilipp Stepputtis
264 _c2023
653 _aFrankfurt (Oder)
653 _aGrenzschutz
653 _aKriminalität
773 0 _g34. Jahrgang (2023) Nr. 124 vom 31.05.2023, S. 13: mit Foto
_tMärkische Oderzeitung
942 _2z
_cA
999 _c372500
_d372500